Paul Valery and the poetry of voice /

Bibliographic Details
Main Author: Crow, Christine M.
Format: Book
Language:English
Published: Cambridge [Cambridgeshire] ; New York : Cambridge University Press, 1982.
Series:Major European authors
Subjects:

MARC

Tag First Indicator Second Indicator Subfields
LEADER 00000pam a2200000 a 4500
001 in00000087821
005 20151008063023.0
008 810527s1982 enk b 00110 eng
010 |a  81010069  
020 |a 0521241820 
035 |a (OCoLC)07578046 
035 |9 AAK1415AM 
039 0 |a 2  |b 3  |c 3  |d 3  |e 3 
040 |a DLC  |c DLC  |d TXA  |d UtOrBLW 
049 |a TXAM  |c [802407] 
050 0 0 |a PQ2643 A26  |b  Z57734 1982 
082 0 |a 841/.912  |2 19 
100 1 |a Crow, Christine M. 
245 1 0 |a Paul Valery and the poetry of voice /  |c Christine M. Crow. 
264 1 |a Cambridge [Cambridgeshire] ;  |a New York :  |b Cambridge University Press,  |c 1982. 
300 |a xviii, 302 pages ;  |c 23 cm. 
336 |a text  |b txt  |2 rdacontent 
337 |a unmediated  |b n  |2 rdamedia 
338 |a volume  |b nc  |2 rdacarrier 
490 0 |a Major European authors 
500 |a Includes index. 
504 |a Bibliography: pages 292-298. 
600 1 0 |a Valéry, Paul,  |d 1871-1945  |x Criticism and interpretation. 
999 |a MARS 
999 f f |s 6667ccd7-b3af-35cc-a3b3-4b7e4730380d  |i f1529afd-6487-3aa7-a175-5013491f8b31  |t 0 
952 f f |p ric  |a Texas A&M University  |b Rellis Campus  |c Joint Library Facility  |d Remote Storage  |t 0  |e PQ2643 A26 Z57734 1982  |h Library of Congress classification  |i unmediated -- volume  |m A14805977738 
998 f f |a PQ2643 A26 Z57734 1982  |t 0  |l Remote Storage